|
|
|
|
| LEADER |
00869nam a22002652a 4500 |
| 001 |
000234018 |
| 003 |
CZ BrMZK |
| 005 |
20141212103517.0 |
| 007 |
ta |
| 008 |
950101s1985 xo a f slo d |
| 040 |
|
|
|a ABA001
|b cze
|d ABA001
|
| 080 |
9 |
|
|a 621.791(075.8)=854
|
| 100 |
1 |
|
|a Adamka, Jozef,
|d 1930-2000
|7 jx20040720161
|4 aut
|
| 245 |
1 |
0 |
|a Teória zvárania /
|c Jozef Adamka, Emil Grutka, Július Veselko
|
| 250 |
|
|
|a 1. vyd.
|
| 260 |
|
|
|a Bratislava :
|b Alfa,
|c 1985
|
| 300 |
|
|
|a 217 s. :
|b il. ;
|c 4°
|
| 700 |
1 |
|
|a Veselko, Július
|7 jx20050628025
|4 aut
|
| 700 |
1 |
|
|a Grutka, Emil
|7 mzk2014851797
|4 aut
|
| 710 |
2 |
|
|a Slovenská vysoká škola technická v Bratislave
|7 kn20010710615
|
| 910 |
|
|
|a BOA001
|b 4-0893.067
|
| 990 |
|
|
|a BK
|
| 995 |
|
|
|a 02
|
| 991 |
|
|
|b 200712
|
| 996 |
7 |
|
|b 2619898875
|c 4-0893.067
|l MZK
|r Sklad / do 1 hodiny
|n 4
|w 000234018
|u 000010
|a 1
|e BOA001
|j MZK50
|s A
|